000 01014cam a2200289 i 4500
001 1358219398
003 OCoLC
005 20250521162548.0
008 230112s2023 sz a ob 001 0 eng d
020 _z9783031183522
040 _aGW5XE
_beng
_erda
_cNUST
_dNUST
050 4 _aQC454 KHA
100 1 _aKhare, Kedar,
_eAuthor
245 1 0 _aFourier optics and computational imaging /
_cKedar Khare, Mansi Butola, Sunaina Rajora
250 _aSecond edition
260 _aSwitzerland;
_bSpringer,
_c2023.
300 _axv, 294 pages :
_billustrations (some color)
_c25 cm.
336 _atext
_btxt
_2rdacontent
337 _aunmediated
_bn
_2rdamedia
338 _avolume
_bnc
_2rdacarrier
504 _aIncludes bibliographical references and index
650 0 _aFourier transform optics.
650 0 _aImage processing
_xDigital techniques
_xMathematics.
700 1 _aButola, Mansi,
_eAuthor
700 1 _aRajora, Sunaina,
_eAuthor
942 _2lcc
_n0
_cBOOKS
_eSecond Edition
_hQC454.KHA
_kQC
_mKHA
999 _c171783
_d171783